000
00243nam a22001097a 4500
082
_a
530 BOH'D
100
_a
BOHM, R. C
_9
75588
245
_a
POWER MECHANICS OF ENERGY CONTROL
260
_a
USA
_b
MCKNIGHT
_c
1970
300
_a
258P
942
_c
BK
999
_c
580983
_d
580983